000 00743nam a2200157Ia 4500
003 GCL
008 140319s9999 xx 000 0 ara d
040 _aGCL /
_cGCL
082 0 4 _a250
_bا ت
100 1 _aابن عراق : ابوالحسن نورالدين على بن محمد بن على بن عبدالرحمن الكنانى
245 1 0 _aتنزية الشريعة المرفوعة والاخبار الشنيعة الموضوعة /
_cابن عراق : ابوالحسن نورالدين على بن محمد بن على بن عبدالرحمن الكنانى
260 _a[S.N] :
_bدار الكتب العلمية للنشر والتوزيع ،
_c1981
490 _a
650 0 4 _aالشريعة الاسلامية
942 _2ddc
_cBK
999 _c52861
_d52861